[Event "Caspian Cup 19th"]
[Site "Rasht"]
[Date "2023.02.13"]
[Round "2"]
[White "Mohammadyansichani, Arshia"]
[Black "Gholami Orimi, Mahdi"]
[Result "1/2-1/2"]
[WhiteElo "2073"]
[BlackElo "2422"]
[PlyCount "74"]
[EventDate "2023.02.12"]
[EventType "swiss"]
[EventRounds "9"]
[EventCountry "IRI"]
[SourceTitle "EXT 2024"]
[Source "ChessBase"]
[SourceDate "2023.10.10"]
[SourceVersion "1"]
[SourceVersionDate "2023.10.10"]
[SourceQuality "1"]

1. e4 c5 2. Nf3 d6 3. d4 cxd4 4. Nxd4 Nf6 5. Nc3 Nc6 6. Bg5 e6 7. f4 h6 8. Bh4 Be7 9. Bf2 Bd7 10. Qe2 Nxd4 11. Bxd4 Qa5 12. 0-0-0 e5 13. Be3 Rc8 14. Bd2 exf4 15. Re1 a6 16. a3 Be6 17. Nd5 Qa4 18. Qd3 Bxd5 19. exd5 Nxd5 20. c4 Ne3 21. Bxe3 fxe3 22. Qxe3 Rc7 23. Kb1 0-0 24. Bd3 Qc6 25. Qh3 Qd7 26. Qf3 g6 27. Rhf1 Rc5 28. Be4 Re5 29. Bd5 Kg7 30. Bxb7 f5 31. Rxe5 dxe5 32. Rd1 Qa4 33. Qd5 e4 34. Qd7 Qxd7 35. Rxd7 Kf6 36. Bxa6 f4 37. Bb7 Ke5 1/2-1/2

[Event "Qazvin Cup 10th"]
[Site "Qazvin"]
[Date "2022.07.30"]
[Round "8"]
[White "Mohammadyansichani, Arshia"]
[Black "Ghaem Maghami, Ehsan"]
[Result "0-1"]
[WhiteElo "2033"]
[BlackElo "2515"]
[PlyCount "99"]
[EventDate "2022.07.25"]
[EventType "swiss"]
[EventRounds "9"]
[EventCountry "IRI"]
[SourceTitle "EXT 2023"]
[Source "ChessBase"]
[SourceDate "2022.10.05"]
[SourceVersion "1"]
[SourceVersionDate "2022.10.05"]
[SourceQuality "1"]

1. e4 c5 2. Nf3 e6 3. d4 cxd4 4. Nxd4 Nf6 5. Nc3 d6 6. Bg5 Be7 7. Bb5+ Nbd7 8. 0-0 0-0 9. Be3 a6 10. Be2 Qc7 11. f3 b5 12. a3 Bb7 13. Qd2 Ne5 14. Rfd1 Rfd8 15. h3 Rac8 16. Qe1 d5 17. f4 Nc4 18. Bxc4 dxc4 19. e5 Ne4 20. Nxe4 Bxe4 21. c3 Qb7 22. Qf2 g6 23. Rd2 Rd5 24. Rad1 a5 25. Nc2 Rcd8 26. Rxd5 Rxd5 27. Rxd5 Qxd5 28. Nd4 b4 29. axb4 axb4 30. cxb4 Bxb4 31. Kh2 Qb7 32. Ne2 Be7 33. Nc3 Bc6 34. Bd4 Qb4 35. Be3 Ba8 36. Qd2 Qb7 37. Nd1 h5 38. Bd4 Bb4 39. Qf2 Be1 40. Qe2 h4 41. Kg1 Bg3 42. Be3 Qc6 43. Nc3 Kg7 44. Qf1 Qa6 45. Qe2 Bc6 46. Qf1 Qa8 47. Qd1 Kg8 48. Qf1 Qb7 49. Kh1 Be4 50. Qe2 0-1

[Event "IRI-ch U12"]
[Site "Chess.com INT"]
[Date "2021.01.16"]
[Round "6"]
[White "Mohammadyansichani, Arshia"]
[Black "Eslami, Ali"]
[Result "1-0"]
[WhiteElo "1782"]
[BlackElo "1237"]
[PlyCount "43"]
[EventDate "2021.01.16"]
[EventType "swiss"]
[EventRounds "11"]
[EventCountry "IRI"]
[SourceTitle "EXT 2022"]
[Source "ChessBase"]
[SourceDate "2021.10.06"]
[SourceVersion "1"]
[SourceVersionDate "2021.10.06"]
[SourceQuality "1"]

1. e4 c6 2. d4 d5 3. f3 dxe4 4. fxe4 e5 5. Nf3 exd4 6. Bc4 Bc5 7. 0-0 Nf6 8. Ng5 Be6 9. Bxe6 fxe6 10. e5 Nd5 11. Nf7 Qh4 12. Nxh8 Ne3 13. Bxe3 dxe3 14. Qe2 Bd4 15. Nc3 Bxe5 16. g3 Qd4 17. Rad1 Qb6 18. Nf7 Qxb2 19. Nxe5 Qxc3 20. Qh5+ g6 21. Qxh7 Qxe5 22. Qf7# 1-0

[Event "Wch FIDE Online U10 Asia qual"]
[Site "Tornelo INT"]
[Date "2020.12.13"]
[Round "7"]
[White "Yen, Gideon"]
[Black "Mohammadyansichani, Arshia"]
[Result "0-1"]
[WhiteElo "1307"]
[BlackElo "1782"]
[PlyCount "76"]
[EventDate "2020.12.11"]
[EventType "swiss (rapid)"]
[EventRounds "7"]
[EventCountry "ISS"]
[SourceTitle "EXT 2022"]
[Source "ChessBase"]
[SourceDate "2021.10.06"]
[SourceVersion "1"]
[SourceVersionDate "2021.10.06"]
[SourceQuality "1"]

1. Nf3 Nf6 2. c4 g6 3. Nc3 Bg7 4. e4 d6 5. d4 0-0 6. Be2 e5 7. dxe5 dxe5 8. Qxd8 Rxd8 9. Bg5 Rf8 10. Nd5 Nxd5 11. cxd5 c6 12. Bc4 b5 13. Bb3 c5 14. 0-0 c4 15. Bc2 Bg4 16. Nd2 Nd7 17. f3 f6 18. Be3 Bh5 19. g4 Bxg4 20. fxg4 Rfc8 21. Rfc1 Bf8 22. a3 Rc7 23. b4 a5 24. a4 axb4 25. axb5 Rb8 26. Ba4 c3 27. g5 fxg5 28. Bxg5 Bc5+ 29. Kg2 cxd2 30. Bxd2 Ra7 31. Bd1 Rba8 32. Rxa7 Rxa7 33. Bg4 Ra2 34. Bxd7 Rxd2+ 35. Kf3 b3 36. Rb1 b2 37. h3 Rc2 38. Bc6 Kf8 0-1